MDQL
is popping MORE tags! Check the
thread
!
Quizzes
Events
Quiz Creation
Community
Videos
Private Events
Remove Ads
Sign In
Join for FREE
Feedback
Dark Mode
Quiz Categories
Sports
Geography
Music
Movies
Television
Just For Fun
Miscellaneous
History
Literature
Language
Science
Gaming
Entertainment
Religion
Holiday
For Kids
Quiz Lab
Recent
Popular Today
Quiz Kudos Today
Editor Picks
Curator Picks
Quizzes by...
Day
Popularity
Type
Ratings
Length
Year
Community
Subscriptions
Recent Discussions
Orange Saloon
Badges
Playlists
Quests
Create
Leaderboards
Showdown
Live 5
Trivia Bingo
Activity
Puzzle Library
Sporcle Events
Private Events
Virtual Trivia
Globe League
Become a Host
Pub Owners
SporcleCon
Opinionation
Our Games
Videos
Blog
Mobile Apps
Partnerships
Remove Ads and Go Orange
Feedback
Music
Pop Music
The Beatles
Song
Album
Lyrics
Bands
Singers
Artist
Clip
Rock
Rap
Classical
Billboard
Country Music
Kpop
Taylor Swift
Music
Pop Music
The Beatles
Song
Album
Lyrics
Bands
Singers
Artist
Clip
Rock
Rap
Classical
Billboard
Country Music
Kpop
Taylor Swift
Random Quiz
Search Sporcle
×
Quiz Lab
Quiz Lab
Music
Lyrics
Type in answers that appear in a list
Type in answers that appear in a list
Classic
Best Score? Go Orange.
Country Music Lyrics Stats
Can you name the Country Music Lyrics?
By
jknowlton92
10m
20 Questions
4,341 Plays
4,341 Plays
4,341 Plays
Comments
Comments
Give Quiz Kudos
Give Quiz Kudos
-
- Ratings
hide this ad
Forced Order
Answers have to be entered in order
Answers have to be entered in order
Replay
Link that replays current quiz
Next Quiz
Link to next quiz in quiz playlist
You Got
0%
They Got
Avg Score
45%
Avg Friend Score
Upgrade to see
Score Distribution
Jump to the score distribution portion of the page
Score
0/20
Timer
10:00
0
Plays Today
lyrics
song
% Correct
'The truth comes out a little at a time and it spreads just like a fire slips off of your tongue like turpentine'
White Liar
64.8%
'You sit in class next to a redhead girl named Abigail and soon enough you're best friends laughing at the other girls who think they're so cool.'
Fifteen
57.3%
'Windows and rooms that I'm passin' through. This is just a stop, on the way to where I'm going. '
Temporary Home
56.9%
Pour me somethin' tall and strong 'Make it a hurricane before I go insane'
It's 5 O'clock somewhere
55.9%
'No matter where you from you just can't hide And when the band starts banging and the fiddle saws You can't help but hollering, Yee Haw!'
Hillbilly Bone
55.6%
'Plasma gettin bigger, Jesus gettin smaller. Spill a cup of coffee, make a million dollars.'
American Ride
54%
'There's a wild, wild whisper Blowin' in the wind Callin' out my name like a long lost friend'
American Honey
51.3%
'Said we can fire it up and I can show you around Sit up on the hill and watch the sun go down When the fireflies are dancing and the moon comes out'
Big Green Tractor
48.9%
'I was a doctor, a lawyer, a senator’s son Brad Pitt’s brother and a man on the run'
Out Last Night
46.3%
'Hank Aaron smacked it Michael Jordan dunked it Pocahantas tracked it Jack Daniels drunk it'
Southern Voice
46.1%
lyrics
song
% Correct
'Yes I love good cold beer And mustard on my fries I love a good loud Honky Tonk that rocks on Friday nights And hell yes I love my truck but I want you to know'
Love Your Love The Most
46%
'Imagine a dirt road full of potholes with a creek bank And some cane poles catchin’ channel cat'
A Little More Country Than That
43.8%
'So when you drive And the years go flying by I hope you smile If i ever cross your mind '
Highway 20 RIde
41.5%
'Yeah, they’re spinnin’ their wheels Castin’ their reels Way back on them ol’ county roads'
That's How Country Boys Roll
40%
'In my dirty 'ole hat with my crooked little grin Granny beaded neck and these calloused hands'
Boots On
39.6%
Remember when we didn’t have nothing But a perfect simple kind of loving Baby those sure were the days
Do I
38.4%
'Then she slid on over put my hand on her shoulder and I aksed her what she wanted to do She said it dont matter where we go just as long as I'm riding with you'
Eight Second Ride
37.7%
'I had a friend in school Running back on the football team They burned a cross in his front yard For asking out the homecoming queen'
Welcome To The Future
37.2%
'Preacher's daughter couldn't get hotter Floating that river on an inner tube with her splash 35's and a lift kit how stuck can you get'
Backwoods
26.9%
'Maybe later on we'll walk down to the river Lay on a blanket and stare up at the moon'
Alright
20.8%
Quiz Playlist
Details
Report
Send in Message
Add To Playlist
Classic:
Type in answers that appear in a list
Forced Order:
Answers have to be entered in order
Last Updated: Apr 21, 2017
Quiz Scoreboard
CHALLENGE
Sign Up to Join the Scoreboard
Show All
Scores
Hide
Comments
May contain spoilers
Recently Published
Two Season TV Shows II
by 123Four
Television
10m
Image Sorting: Flags VI
by Barbecue
Geography
2m
Find the 'City' Movie
by crazypaving
Movies
60s
More to Explore
Quiz From the Vault
Featured Blog Post
14 Easter Pick-up Lines to Find Eggs With
hide this ad
You Might Also Like...
Tags
Country Music Quiz
Lyrics Quiz
Song Quiz
Today's Top Quizzes in Music
Browse Music
hide this ad
Today's Top Quizzes in Lyrics
Browse Lyrics
Top Contributed Quizzes in Music
1
5X2 Blitz: Bands II
2
5X2 Blitz: The Beatles
3
Taylor Swift All Songs (2024)
4
5X2 Blitz: Billboard
5
5X2 Blitz: Billboard II
6
5X2 Blitz: Album
7
5X2 Blitz: Singers
8
5X2 Blitz: Rock
9
Music Artist by Three 2010s hits
10
5X2 Blitz: Lyrics
Explore More
Trending Topics
Anime
Harry Potter
Kpop
Crossword
Marvel
Disney
NBA
Country
Puzzle
Song
NFL
Pokémon
The Office
WWE
Soccer
hide this ad
More By:
jknowlton92
Quiz
Plays
Rating
Category
Featured
Created
Country Music Lyrics
4,341
3.20
Music
Apr 21, 2010
Go to Creator's Profile
Score Distribution
Quiz Creator Spotlight
jknowlton92
Follow
Send a Message
Quizzes Created
-
Created Quiz Play Count
-
More By This Creator
Popular Quizzes Today
1
Find the US States - No Outlines Minefield
2
Colored Red Africa Blitz
3
Find the 'City' Movie
4
5x2 Blitz: Bands
5
The Countries of the World
6
Find the Countries of Europe - No Outlines Minefield
7
Find the US States
8
US States
More Music Quizzes
Missing Word: Zach Bryan songs
Curator's Pick
Trending Quizzes
Colored Red Europe Blitz I
Colored Red Africa Blitz II
Colored Red Europe Blitz II
Colored Red Europe Blitz III
Colored Red Africa Blitz III
Recently Updated
How Do You Spell That?
pecheneg
Godzilla Movies
pecheneg
Grab Bag: 4-10 Letters
pecheneg
2024 March Madness Bracket
pecheneg
Famous TV Couples
Peacemaker
Champions League XIs: Real Madrid
pecheneg
Largest US Cities 1790-2010
pecheneg
Rides in Walt Disney World
pecheneg
Most Oscar Losses (Acting)
pecheneg
Beyoncé Albums
pecheneg
Trending Topics
Harry Potter
Disney
Crossword
Anime
Marvel
NBA
Kpop
Soccer
Country
NFL
WWE
Song
Puzzle
Pokémon
The Office
Your Account Isn't Verified!
In order to create a playlist on Sporcle, you need to verify the email address you used during registration. Go to your
Sporcle Settings
to finish the process.
Report this User
Report this user for behavior that violates our
Community Guidelines
.
Details:
Send Report
Go to the Sporcle.com Mobile Site →
Comments